| 000 | 00584nam a2200205 a 4500 | ||
|---|---|---|---|
| 001 | BRCA_6193 | ||
| 005 | 20190320205351.0 | ||
| 008 | 120711s1935----gw-a######---#000-0#fre-# | ||
| 041 | _afre | ||
| 044 | _agw | ||
| 050 | 4 |
_aDC146 R6 _b.S54 1935 |
|
| 245 | 1 | 0 |
_aRobespierre _cFriedrich Sieburg |
| 260 |
_aFrankfurt, Alemania _bSocietats _c1935 |
||
| 300 |
_a337 p. _bil., 28 láminas _c21 cm. |
||
| 500 | _aI53 | ||
| 650 | 1 | 4 |
_aRobespierre, Maximillien Marie Isidore de _y1758-1794 _915582 |
| 651 | 4 |
_aFrancia _xHistoria _yRevolución, 1789-1799 _93041 |
|
| 902 | _aGFM | ||
| 942 |
_2lcc _cB |
||
| 999 |
_c5880 _d5880 |
||